000 01609cad a22002415a 4500
001 E147017
008 090324s2009 xxk f f000 0 eng d
035 _a(Sirsi) u147017
041 0 _aeng
050 0 4 _a364.163 $2 18
110 2 _aNational Fraud Strategic Authority
_95716
245 0 4 _aThe national fraud strategy
_ba new approach to combating fraud
_h[electronic resource]
260 _aLondon
_bNFSA
_c2009
505 2 _aAttorney General's foreward -- Introduction from Sandra Quinn, NFSA Interim Chief Executive -- Introduction from Bernard Herdan, NFSA Chief Executive Designate -- Executive summary -- Chapter one, the real cost of fraud -- Chapter two, setting priorities, taking action -- Chapter three, measuring results -- Contributors to the National Fraud Strategy -- Abbreviations
520 _aThis National Fraud Strategy for England and Wales sets out actions aimed at tackling the circumstances which allow fraud to take place. Issues discussed include better systems for gathering and sharing knowledge about fraud, addressing the most important threats from fraud, dealing with those found guilty of fraud, and assisting victims. The initiative is supported by RICS, the Land Registry and the Council of Mortgage Lenders
521 _aAdvanced
590 _aKA
650 2 4 _aNATIONAL FRAUD STRATEGY
651 4 _aEngland and Wales
_y1543-
690 _aMANAGEMENT-BUSINESS MANAGEMENT
856 4 0 _uhttps://www.attorneygeneral.gov.uk/NewsCentre/News/Documents/NFSA_STRATEGY_AW_Web%5B1%5D.pdf
_zView the publication free of charge at www.attorneygeneral.gov.uk...
942 _n0
999 _c109404
_d109404